000 00789nam a2200217Ia 4500
003 GCL
008 140319s9999 xx 000 0 ara d
040 _aGCL /
_cGCL
082 0 4 _a331
_bم ش
100 1 _aمحمد ابراهيم عبدالرحمن
245 1 0 _aالشركات الدولية النشاط وتصنيع الدول النامية مع الاشارة لمصر /
_cمحمد ابراهيم عبدالرحمن
260 _a[S.N] :
_bمعهد البحوث والدراسات العربية ،
_c1989
300 _a232 ص
490 _aالدراسات الخاصة
_v0
650 0 4 _aالتنمية الاقتصادية
650 0 4 _aالصناعة
650 0 4 _aاقتصاديات
650 0 4 _aالدخل القومى
650 0 4 _aالتمويل
942 _2ddc
_cBK
999 _c31046
_d31046